000 00971nam a2200229Ii 4500
003 JO-AjNU
008 230605s9999||||xx |||||||||||||| ||und||
017 _a2021/1/588
020 _a978-9923-25-346-5
040 _aJO-AjNU
_bara
_erda
_cJO-AjNU
041 _aara
050 1 4 _aE744.2022
100 3 _aحميد، علي حسين، م. مشارك نجلاء ثامر محمود,
_eauthor
_962951
245 0 0 _aالولايات المتحدة والقارة الاوروبية (1776-2020): أواصر التحالف ومتغيراته
250 _aط1
264 3 1 _aعمان: دار امجد للنشر والتوزيع، 2020
300 _a390ص
336 _atext
_btxt
_2rdacontent
337 _aunmediated
_bn
_2rdamedia
338 _avolume
_bnc
_2rdacarrier
650 4 _aالسياسة الخارجية-الاستراتيجة العسكرية-الحرب الباردة-العلاقات الدولية-الولايات الامريكية-اوروبا
_962952
999 _aA28530
_c32098
_d32098